Des entreprises de choc

Guardat en:
Dades bibliogràfiques
Autor principal: Roulleau, Jean Pol
Format: Llibre
Idioma:Undetermined
Publicat: Paris Fayard 1971
Matèries:
Etiquetes: Afegir etiqueta
Sense etiquetes, Sigues el primer a etiquetar aquest registre!
Thư viện lưu trữ: Trung tâm Học liệu Trường Đại học Cần Thơ
LEADER 00554nam a2200205Ia 4500
001 CTU_86255
008 210402s9999 xx 000 0 und d
082 |a 338 
082 |b R859 
100 |a Roulleau, Jean Pol 
245 0 |a Des entreprises de choc 
245 0 |c Jean Pol Roulleau 
260 |a Paris 
260 |b Fayard 
260 |c 1971 
650 |a Quản trị doanh nghiệp,Management 
650 |x Employee participation,Case studies 
650 |z France 
904 |i Năm 
980 |a Trung tâm Học liệu Trường Đại học Cần Thơ